000 00444cam a2200193ua 4500
020 _cRs.112.00
041 _aeng
_h
082 _a581
_bMAL/TE
100 _aMalik, C P .
245 _aText book of plant physiology
250 _a1 /
_b.
260 _aNew Delhi :
_bKalyani Publishers ,
_c1985.
300 _a785 ; .
365 _aRs.112.00
504 _a
700 1 _aSrivasthava, .
942 _cBK
999 _c113
_d113